Friedensforschung, Kirche und kirchliche Friedensbewegung

Saved in:  
Bibliographic Details
Contributors: Birckenbach, Hanne-Margret 1948- (Editor) ; Benedict, Hans-Jürgen 1941- (Other)
Format: Print Book
Language:German
Subito Delivery Service: Order now.
Check availability: HBZ Gateway
WorldCat: WorldCat
Interlibrary Loan:Interlibrary Loan for the Fachinformationsdienste (Specialized Information Services in Germany)
Published: Frankfurt am Main Haag & Herchen 1983
In: Jahrbuch für Friedens- und Konfliktforschung (10)
Year: 1983
Series/Journal:Jahrbuch für Friedens- und Konfliktforschung 10
Standardized Subjects / Keyword chains:B Church peace movement
Further subjects:B Collection of essays
B Peace
B Religious organization
B Christianity

MARC

LEADER 00000cam a2200000 c 4500
001 025092286
003 DE-627
005 20251219211241.0
007 tu
008 710101s1983 gw ||||| 00| ||ger c
015 |a 83,N37,0028  |2 dnb 
015 |a 84,A02,0181  |2 dnb 
016 7 |a 830929746  |2 DE-101 
020 |a 3881296948  |9 3-88129-694-8 
035 |a (DE-627)025092286 
035 |a (DE-576)009837876 
035 |a (DE-599)GBV025092286 
035 |a (OCoLC)12101072 
035 |a (OCoLC)12101072 
035 |a (DE-604)8010279040 
035 |a (DE-615)00081115 
040 |a DE-627  |b ger  |c DE-627  |e rakwb 
041 |a ger 
044 |c XA-DE 
082 0 |a 291.17873  |q OCLC 
084 |a 12  |a 16  |2 sdnb 
084 |a 3,6  |2 ssgn 
084 |a 1  |2 ssgn 
084 |a MK 3500  |2 rvk  |0 (DE-625)rvk/123048: 
084 |a MK 3700  |2 rvk  |0 (DE-625)rvk/123051: 
191 |a 1 
245 0 0 |a Friedensforschung, Kirche und kirchliche Friedensbewegung  |c Hrsg.: Hanne-Margret Birckenbach. Mit Beitr. von Hans-Jürgen Benedict ... 
264 1 |a Frankfurt am Main  |b Haag & Herchen  |c 1983 
300 |a VII, 231 S  |c 8° 
336 |a Text  |b txt  |2 rdacontent 
337 |a ohne Hilfsmittel zu benutzen  |b n  |2 rdamedia 
338 |a Band  |b nc  |2 rdacarrier 
361 1 |5 DE-35  |y 3595945042  |s 47979  |o Vorbesitz  |a Wehrbereichsbibliothek (Hannover)  |0 (DE-588)2032223-9  |0 (DE-627)102430195  |0 (DE-576)191836702 
490 1 |a Jahrbuch für Friedens- und Konfliktforschung  |v 10 
490 0 |a Schriftenreihe der Arbeitsgemeinschaft für Friedens- und Konfliktforschung 
583 1 |a Archivierung/Langzeitarchivierung gewährleistet  |f SSG  |x XA-DE-BW  |2 pdager  |5 DE-21 
601 |a Friedensforschung 
601 |a Kirchlichkeit 
601 |a Friedensbewegung 
650 0 7 |0 (DE-588)4049401-9  |0 (DE-627)106187147  |0 (DE-576)209081899  |a Religionsgemeinschaft  |2 gnd 
650 0 7 |0 (DE-588)4010074-1  |0 (DE-627)104493933  |0 (DE-576)20888579X  |a Christentum  |2 gnd 
650 0 7 |0 (DE-588)4071465-2  |0 (DE-627)104359889  |0 (DE-576)209184051  |a Friede  |2 gnd 
655 7 |a Aufsatzsammlung  |0 (DE-588)4143413-4  |0 (DE-627)105605727  |0 (DE-576)209726091  |2 gnd-content 
689 0 0 |d s  |0 (DE-588)4163952-2  |0 (DE-627)105451045  |0 (DE-576)209884991  |2 gnd  |a Kirchliche Friedensbewegung 
689 0 |5 (DE-627) 
700 1 |e Hrsg.  |0 (DE-588)12875463X  |0 (DE-627)379130505  |0 (DE-576)297315757  |4 edt  |a Birckenbach, Hanne-Margret  |d 1948- 
700 1 |e Mitarb.  |0 (DE-588)133939898  |0 (DE-627)558822649  |0 (DE-576)160240999  |4 oth  |a Benedict, Hans-Jürgen  |d 1941- 
830 0 |a Jahrbuch für Friedens- und Konfliktforschung  |v 10  |9 10  |w (DE-627)129290661  |w (DE-576)014472007  |w (DE-600)120388-5  |x 0341-9894  |7 am 
935 |a mteo 
935 |i Blocktest 
936 r v |a MK 3500  |b Friede (Allgemein, Konferenzen, Friedensforschung)  |k Politologie  |k Internationale Politik  |k Internationale Konflikte (Krieg und Frieden)  |k Friede (Allgemein, Konferenzen, Friedensforschung)  |0 (DE-627)1270707981  |0 (DE-625)rvk/123048:  |0 (DE-576)200707981 
936 r v |a MK 3700  |b Sonstige Einzelfragen (Internationale Friedensbewegung, Pazifismus)  |k Politologie  |k Internationale Politik  |k Internationale Konflikte (Krieg und Frieden)  |k Sonstige Einzelfragen (Internationale Friedensbewegung, Pazifismus)  |0 (DE-627)1270875574  |0 (DE-625)rvk/123051:  |0 (DE-576)200875574 
938 1 0 |0 (DE-627)1756170991  |0 (DE-615)6607192  |a Religionsgemeinschaft  |2 fivt 
938 1 0 |0 (DE-627)1756175446  |0 (DE-615)6605117  |a Christentum  |2 fivt 
938 1 0 |0 (DE-627)1756194629  |0 (DE-615)6603070  |a Frieden  |2 fivt 
938 1 1 |0 (DE-627)1756201056  |0 (DE-615)6600495  |a Politische Grundwerte  |2 fiva 
938 1 1 |0 (DE-627)1756193215  |0 (DE-615)6609029  |a Verhältnis gesellschaftliche Vereinigung - Staat  |2 fiva 
938 1 1 |0 (DE-627)1756192235  |0 (DE-615)6610070  |a Verhältnis Religionsgemeinschaft - Staat  |2 fiva 
938 1 1 |0 (DE-627)1756197776  |0 (DE-615)6600886  |a Friedens- und Konfliktforschung  |2 fiva 
938 1 1 |0 (DE-627)1756182655  |0 (DE-615)6605002  |a Gewaltlosigkeit  |2 fiva 
938 1 1 |a STILLGELEGT: Bisherige Entwicklung, gegenwärtige Lage  |2 fiva 
938 1 1 |0 (DE-627)1756197156  |0 (DE-615)6603764  |a Religionswissenschaft  |2 fiva 
938 1 1 |0 (DE-627)1756182329  |0 (DE-615)6605474  |a Zusammenarbeit  |2 fiva 
938 1 1 |0 (DE-627)1756171475  |0 (DE-615)6607005  |a Ethische Grundsätze  |2 fiva 
938 1 1 |0 (DE-627)1756222908  |0 (DE-615)6605249  |a Friedensbewegung  |2 fiva 
938 1 1 |0 (DE-627)1756187584  |0 (DE-615)6605763  |a Friedensdiskussion  |2 fiva 
951 |a BO 
ACO |a 1 
ELC |b 1 
ITA |a 1  |t 1 
LOK |0 000 xxxxxcx a22 zn 4500 
LOK |0 001 3205419847 
LOK |0 003 DE-627 
LOK |0 004 025092286 
LOK |0 005 19970610000000 
LOK |0 008 970610||||||||||||||||ger||||||| 
LOK |0 040   |a DE-21  |c DE-627  |d DE-21 
LOK |0 852   |a DE-21 
LOK |0 852 1  |c ZA 2121-10  |9 00 
LOK |0 935   |a konv 
LOK |0 939   |a 10-06-97  |b l01 
LOK |0 000 xxxxxcx a22 zn 4500 
LOK |0 001 3205419936 
LOK |0 003 DE-627 
LOK |0 004 025092286 
LOK |0 005 20100408133304 
LOK |0 008 910604||||||||||||||||ger||||||| 
LOK |0 040   |a DE-21-35  |c DE-627  |d DE-21-35 
LOK |0 541   |e 1984/70408 
LOK |0 852   |a DE-21-35 
LOK |0 852 1  |c Md 4.016-10  |m p  |9 00 
LOK |0 938   |k p 
LOK |0 939   |a 04-06-91  |b l01 
LOK |0 000 xxxxxcx a22 zn 4500 
LOK |0 001 3205419944 
LOK |0 003 DE-627 
LOK |0 004 025092286 
LOK |0 005 20100407052225 
LOK |0 008 041208||||||||||||||||ger||||||| 
LOK |0 040   |a DE-21-58  |c DE-627  |d DE-21-58 
LOK |0 541   |e 83-732 
LOK |0 689   |a s  |0 1310412855  |a Friedens- und Konfliktforschung 
LOK |0 689   |a s  |0 1310633045  |a Sicherheitspolitik - nichtstaatliche Akteure - Friedensbewegungen - kirchliche Friedensbewegung 
LOK |0 689   |a s  |0 1310633053  |a Kirche - Frieden 
LOK |0 852   |a DE-21-58 
LOK |0 852 1  |c K VII 4/10/a  |m p  |9 00 
LOK |0 935   |a k058 
LOK |0 938   |k p 
LOK |0 939   |a 08-12-04  |b l01 
LOK |0 000 xxxxxcx a22 zn 4500 
LOK |0 001 3205419952 
LOK |0 003 DE-627 
LOK |0 004 025092286 
LOK |0 005 20100407052225 
LOK |0 008 041208||||||||||||||||ger||||||| 
LOK |0 040   |a DE-21-58  |c DE-627  |d DE-21-58 
LOK |0 541   |e 83-757 
LOK |0 689   |a s  |0 1310412855  |a Friedens- und Konfliktforschung 
LOK |0 689   |a s  |0 1310633045  |a Sicherheitspolitik - nichtstaatliche Akteure - Friedensbewegungen - kirchliche Friedensbewegung 
LOK |0 689   |a s  |0 1310633053  |a Kirche - Frieden 
LOK |0 852   |a DE-21-58 
LOK |0 852 1  |c K VII 4/10/b AF  |m p  |9 00 
LOK |0 852 2  |b AGFF  |9 00 
LOK |0 935   |a k058 
LOK |0 938   |k p 
LOK |0 939   |a 08-12-04  |b l02 
LOK |0 000 xxxxxcx a22 zn 4500 
LOK |0 001 3205419960 
LOK |0 003 DE-627 
LOK |0 004 025092286 
LOK |0 005 20120822100312 
LOK |0 008 111215||||||||||||||||ger||||||| 
LOK |0 040   |a DE-21-110  |c DE-627  |d DE-21-110 
LOK |0 689   |a s  |a Friedensforschung 
LOK |0 689   |a s  |a Friedensbewegung 
LOK |0 852   |z Kein Bestand am IfK; Nachweis für KrimDok 
LOK |0 852   |a DE-21-110 
LOK |0 852 1  |9 00 
LOK |0 935   |a k110 
LOK |0 939   |a 15-12-11  |b l01 
ORI |a SA-MARC-ixtheoa001.raw 
REL |a 1 
SPR |a 1  |t IXT 
STA 0 0 |a Christianity,Christian world view,World view,Christian ideology,Church peace movement,Christian peace movement,Peace movement,Peace,Peace,Peace (Philosophy),Peace in literature,Religious organization,Religious society,Religion,Denomination 
STB 0 0 |a Christianisme,Christianisme,Communauté religieuse,Mouvement pacifiste au sein de l'Église,Paix,Paix,Philosophie de la paix 
STC 0 0 |a Comunidad religiosa,Cristianismo,Cristianismo,Cristiandad,Cristiandad,Cristiandad (Motivo),Cristiandad,Movimiento eclesial por la paz,Paz,Paz,Paz 
STD 0 0 |a Comunità religiosa,Cristianesimo,Cristianesimo,Movimento pacifista ecclesiastico,Pace,Pace 
STE 0 0 |a 和平,和平,太平,太平,基督教,基督教,基督教世界观,宗教团体,教会和平运动 
STF 0 0 |a 和平,和平,太平,太平,基督教,基督教,基督教世界觀,宗教團體,教會和平運動 
STG 0 0 |a Comunidade religiosa,Cristianismo,Cristianismo,Cristandade,Cristandade,Cristandade (Motivo),Cristandade,Movimento eclesial pela paz,Paz,Paz 
STH 0 0 |a Мир (мотив),Мир,Религиозная община,Христианство (мотив),Христианство,Церковное движение за мир 
STI 0 0 |a Ειρήνη (μοτίβο),Ειρήνη,Εκκλησιαστικό κίνημα ειρήνης,Θρησκευτική κοινότητα,Χριστιανισμός (μοτίβο),Χριστιανισμός 
SUB |a REL 
SYE 0 0 |a Religious community,Glaubensgemeinschaft,Religiöse Vereinigung,Scientology,Sekte,Religionsgenossenschaft,Religionsgesellschaft,Religionsgemeinschaften , Christianity,Christliche Mission,Missionierung,Christenheit,Christianitas,Christliche Religion,Christliche Weltanschauung , Frieden,Frieden 
SYG 0 0 |a Christliche Friedensbewegung,Friedensbewegung